1183 1909 1389 1641 1245 1847 1761 1389 1107 1169 1268 1363 1209 1151 1567 1080 1030 1867 1364 1527 1758 1802 1392 1709 1592 1049 1559 1925 1975 1925 1829 1291 1995 1277 1665 1967 1178 1941 1960 1070 1528 1412 1532 1855 1412 1047 1784 1099 1498 1137 1181 1585 1873 1931 1175 1384 1120 1790 1132 1159 1423 1785 1547 1987 1261 1207 1227 1802 1318 1933 1733 1197 1112 1506 1632 1790 1873 1262 1459 1463 1372 1162 1462 1699 1697 1274 1949 1283 1459 1306 1455 1145 1671 1746 1657 1850 1879 1628 1977 BCNSPRNW ULIB Ver.6.0+V

เปลี่ยนเป็นภาษาไทย

Change to English
 แสดงรายละเอียดบรรณานุกรม
  กลับหน้าหลัก

Brief Record : Get Marc (ISO 2709) : E-mail record : QR code < ปิดหน้าต่าง
LEADER : 00000nam 2200000uu 4500
001    13399125897
003     ULIB
008    170925s2553||||th 000 0 tha d
020    ^a9786165380539
050  4 ^aLB1027^bอ631ห
100 0  ^aอาภรณ์ ใจเที่ยง
245 10 ^aหลักการสอน (ฉบับปรับปรุง) /^cอาภรณ์ ใจเที่ยง
250    ^aพิมพ์ครั้งที่ 5
260    ^aกรุงเทพฯ :^bโอเดียนสโตร์,^c2553
300    ^a267 หน้า :^bภาพประกอบ
504    ^aบรรณานุกรม : หน้า 261-267
650  4 ^aการสอน^vเทคนิค
945    ^p0^l0^i003353
945    ^p0^l0^i003354
999    ^aประนอม เกษจรัล
รายการนี้ยังไม่มีแท็ก
คุณยังไม่ได้ล็อกอิน คุณสามารถมีกิจกรรมร่วมกับเว็บไซต์ได้ แต่ต้องล็อกอินก่อน ::
  ล็อกอิน

รายการสื่อสารสนเทศ

ลำดับที่ ประเภท เลขเรียก/บาร์โค้ด สถานที่ สถานะ
1. วิทยาศาสตร์การแพทย์ และสุขภาพ
หนังสือสำรอง
สถานะ=หนังสือสำรอง
LB1027 อ631ห ฉ.1 
  Barcode: 003353
ห้องสมุดวิทยาเขตนครสวรรค์
►นวนิยาย:l:Fiction
บนชั้น
2. วิทยาศาสตร์การแพทย์ และสุขภาพ
วิทยาศาสตร์การแพทย์ และสุขภาพ
LB1027 อ631ห ฉ.2 
  Barcode: 003354
ห้องสมุดวิทยาเขตนครสวรรค์
►นวนิยาย:l:Fiction
บนชั้น

รายการใกล้เคียง
    ผู้แต่ง [อาภรณ์ ใจเที่ยง]

BibComment


ยังไม่เคยถูกคอมเมนท์

คอมเมนท์ทรัพยากรรายการนี้
  คอมเมนท์: หลักการสอน ฉบับป..


 Copyright 2026. Bcnsprnw @Library